[Event "Washington op Premier"]
[Site "Redmond"]
[Date "2008.05.25"]
[Round "3"]
[White "O'Connell, Sean"]
[Black "Marcjan, Karen"]
[Result "1-0"]
[WhiteElo "1609"]
[BlackElo "1505"]
[PlyCount "129"]
[EventDate "2008.05.24"]
[EventType "swiss"]
[EventRounds "6"]
[EventCountry "USA"]
[SourceTitle "EXT 2017"]
[Source "ChessBase"]
[SourceDate "2016.10.25"]
[SourceVersion "1"]
[SourceVersionDate "2016.10.25"]
[SourceQuality "1"]

1. d4 d5 2. c4 c6 3. Nc3 Nf6 4. Nf3 Bf5 5. e3 e6 6. Nh4 Bg6 7. Be2 Be7 8. Nxg6 hxg6 9. Bd2 Nbd7 10. Qc2 Bb4 11. f3 dxc4 12. Bxc4 Nb6 13. Bb3 Nfd5 14. 0-0-0 Bxc3 15. bxc3 Qd6 16. g3 0-0-0 17. e4 Nc7 18. Kb1 Qe7 19. Qb2 f6 20. c4 Na6 21. a3 c5 22. d5 exd5 23. cxd5 g5 24. g4 Qd6 25. Be3 Kb8 26. Rc1 Rc8 27. Rc2 c4 28. Bxb6 cxb3 29. Rxc8+ Rxc8 30. Bf2 Ka8 31. Bg3 Qb6 32. Rc1 Rxc1+ 33. Qxc1 Qd8 34. Kb2 Qd7 35. Qc4 Nb8 36. Kxb3 Qd8 37. Bf2 Qd6 38. Qa4 Qa6 39. Qxa6 bxa6 40. Bc5 Nd7 41. Bd6 Kb7 42. Kc4 Kb6 43. f4 gxf4 44. Bxf4 g5 45. Bg3 Ka5 46. Kd4 Ka4 47. Bd6 Kb3 48. h4 gxh4 49. g5 fxg5 50. e5 g4 51. e6 Nf6 52. e7 g3 53. Bf4 g2 54. Bh2 Ne8 55. Ke5 Kc4 56. d6 Kb3 57. d7 Nc7 58. d8Q Nb5 59. e8Q Kxa3 60. Qc6 Ka4 61. Qd1+ Ka5 62. Kd5 Kb4 63. Bd6+ Ka5 64. Qa1+ Na3 65. Qxa3# 1-0

[Event "Washington op Premier"]
[Site "Seattle"]
[Date "2007.05.26"]
[Round "1"]
[White "Marcjan, Karen"]
[Black "Allen, Robert"]
[Result "0-1"]
[WhiteElo "1541"]
[BlackElo "1749"]
[PlyCount "138"]
[EventDate "2007.05.26"]
[EventType "swiss"]
[EventRounds "6"]
[EventCountry "USA"]
[SourceTitle "EXT 2017"]
[Source "ChessBase"]
[SourceDate "2016.10.25"]
[SourceVersion "1"]
[SourceVersionDate "2016.10.25"]
[SourceQuality "1"]

1. e4 c5 2. Bc4 d6 3. Nf3 Nf6 4. Nc3 g6 5. d3 Bg7 6. Bd2 0-0 7. 0-0 Nc6 8. Be3 Ng4 9. h3 Nge5 10. Nxe5 Nxe5 11. Bb3 e6 12. f4 Nc6 13. Rb1 Nd4 14. Bxd4 Bxd4+ 15. Kh2 Bd7 16. Ne2 a5 17. c3 Bg7 18. d4 cxd4 19. cxd4 Bb5 20. d5 e5 21. f5 Qh4 22. Bc2 Rac8 23. g3 Qg5 24. Bd3 Bd7 25. h4 Qe3 26. Nc3 Rc5 27. Qe2 Qh6 28. Rbe1 Rfc8 29. Qe3 b5 30. Qg5 Qxg5 31. hxg5 gxf5 32. exf5 b4 33. Ne4 Rxd5 34. Rd1 Rd4 35. f6 Bf8 36. Bb1 Rxd1 37. Rxd1 Be6 38. b3 d5 39. Nf2 Bd6 40. Kg2 Rc3 41. Nd3 Bg4 42. Re1 e4 43. Nf4 Bf3+ 44. Kh2 e3 45. Ne2 Bxe2 46. Rxe2 d4 47. Re1 Bc5 48. Be4 d3 49. Bf3 Rc2+ 50. Kh3 e2 51. Kg4 Bf2 52. Bxe2 dxe2 53. Rh1 e1Q 54. Rxe1 Bxe1 55. Kf5 Bxg3 56. Kg4 Be1 57. Kf4 Bd2+ 58. Kg4 Rc5 59. Kf3 Rxg5 60. Ke2 Bc3 61. Kd3 Rg4 62. a3 Rd4+ 63. Ke3 bxa3 64. b4 axb4 65. Ke2 a2 66. Ke3 a1Q 67. Kf3 Qf1+ 68. Kg3 Be1+ 69. Kh2 Rh4# 0-1

[Event "Washington op Premier"]
[Site "Seattle"]
[Date "2007.05.26"]
[Round "2"]
[White "Marcjan, Karen"]
[Black "Cheng, Jack"]
[Result "0-1"]
[WhiteElo "1541"]
[BlackElo "1712"]
[PlyCount "110"]
[EventDate "2007.05.26"]
[EventType "swiss"]
[EventRounds "6"]
[EventCountry "USA"]
[SourceTitle "EXT 2017"]
[Source "ChessBase"]
[SourceDate "2016.10.25"]
[SourceVersion "1"]
[SourceVersionDate "2016.10.25"]
[SourceQuality "1"]

1. e4 e5 2. f4 exf4 3. Bc4 Qh4+ 4. Kf1 d6 5. Nf3 Qf6 6. Nc3 c6 7. d4 Nd7 8. Qe2 Qh6 9. d5 Ne5 10. dxc6 bxc6 11. Nxe5 dxe5 12. g3 Qh3+ 13. Qg2 Qxg2+ 14. Kxg2 fxg3 15. hxg3 Bd6 16. Rf1 f6 17. Be3 Ne7 18. Rad1 Bc7 19. Bc5 Bg4 20. Rb1 h5 21. Ba6 Rd8 22. Bd3 Bb6 23. Na4 Bxc5 24. Nxc5 Ng6 25. Nb7 Rb8 26. Nd6+ Kd7 27. Nf5 Bxf5 28. exf5 Ne7 29. Be2 h4 30. gxh4 Rxh4 31. Rbd1+ Kc7 32. b3 Nd5 33. Rf3 Rbh8 34. c4 Nf4+ 35. Rxf4 Rxf4 36. c5 Rd8 37. Rf1 Rxf1 38. Kxf1 Rd5 39. b4 Rd4 40. a3 Rf4+ 41. Ke1 Rxf5 42. Kd2 g5 43. Kc3 Rf2 44. Bg4 f5 45. Bh5 g4 46. Kb3 g3 47. Ka4 g2 48. Ka5 g1Q 49. a4 Ra2 50. Bf7 Ra3 51. Bc4 Qa1 52. Bb5 cxb5 53. Kxb5 Qf1+ 54. Ka5 a6 55. b5 Qxb5# 0-1